Statistics for Countries with the most islands

Click here to take the quiz!

General Stats

  • This quiz has been taken 25 times
  • The average score is 30 of 49

Answer Stats

IslandsCountry% Correct
6,852Japan
100%
239,057Norway
100%
267,570Sweden
100%
18,617United States
100%
52,454Canada
96%
5,000China
96%
17,504Indonesia
96%
5,000Chile
91%
1,200India
91%
7,641Philippines
91%
8,222Australia
87%
1,419Denmark
87%
178,247Finland
87%
3,054Greece
87%
500Turkey
87%
210Italy
83%
607Micronesia
83%
600New Zealand
83%
700Bahamas
74%
270Ireland
74%
878Malaysia
74%
900Solomon islands
74%
1,430Thailand
74%
4,195Cuba
70%
1,156Marshall islands
70%
4,000Vietnam
70%
330Fiji
65%
169Tonga
65%
270Colombia
61%
1,285Saudi Arabia
61%
1,196Maldives
57%
1,000Myanmar
57%
4,400South Korea
57%
418Venezuela
57%
1,246Croatia
52%
3,579North Korea
52%
1,400Papua new guinea
43%
1,520Estonia
39%
340Palau
39%
220Yemen
39%
1,000United kingdom
22%
354Eritrea
9%
700United Arab Emirates
9%
450Belize
4%
181Bermuda
4%
778Falkland islands
4%
800Greenland
4%
263Hong Kong
4%
307Turks and Caicos islands
4%

Score Distribution

Percentile by Number Answered

Percent of People with Each Score

Your Score History

You have not taken this quiz